| 000 | 00487nam a22001817a 4500 | ||
|---|---|---|---|
| 003 | Ost | ||
| 005 | 20250407094953.0 | ||
| 008 | 250403b |||||||| |||| 00| 0 eng d | ||
| 020 | _a9780307407795 | ||
| 040 | _cBT-PhCST | ||
| 050 | _aD4634 | ||
| 082 |
_a294.3 _bMIN _222 |
||
| 100 | _aMingyur, Yongey. | ||
| 245 |
_aJoyful wisdom : _bembracing change and finding freedom / |
||
| 260 |
_aNew York : _bCrown Publishing Group, _cc2009. |
||
| 300 |
_bill, ; _c23 cm. _a296.p.: |
||
| 942 |
_2ddc _cF |
||
| 999 |
_c9989 _d9989 |
||